[Event "I Torneo Cecchina A"]
[Site "Roma ITA"]
[Date "1997.??.??"]
[Round "1"]
[White "Vigile, Matteo"]
[Black "Arabito, Giuseppe"]
[Result "1-0"]
[WhiteElo "1771"]
[BlackElo "1558"]
[PlyCount "41"]
[EventDate "1997.??.??"]

1. e4 e5 2. Nf3 Nc6 3. d4 exd4 4. Nxd4 d6 5. Nc3 g6 6. Be3 Bg7 7. Bb5 Bd7 8.
Qd2 a6 9. Nxc6 bxc6 10. Bc4 Ne7 11. O-O O-O 12. Bd4 Be6 13. Bxg7 Kxg7 14. Rad1
Bxc4 15. Qd4+ f6 16. Qxc4 Qe8 17. Rfe1 Qf7 18. Qa4 Qe6 19. Ne2 Qe5 20. Nd4 f5
21. exf5 1-0

[Event "I Torneo Cecchina A"]
[Site "Roma ITA"]
[Date "1997.??.??"]
[Round "1"]
[White "Vignato, Giovanni"]
[Black "Spano' Cuomo, Gaetano"]
[Result "0-1"]
[WhiteElo "2150"]
[BlackElo "1641"]
[PlyCount "70"]
[EventDate "1997.??.??"]

1. c4 Nf6 2. Nc3 g6 3. g3 Bg7 4. Bg2 c5 5. e4 d6 6. Nge2 Nc6 7. O-O O-O 8. d3
Bd7 9. h3 Nd4 10. Be3 Ne8 11. a4 Bc6 12. Nb5 e5 13. Kh2 f5 14. f4 Nc7 15. fxe5
dxe5 16. b4 Nce6 17. bxc5 Nxe2 18. Qxe2 f4 19. Bg1 fxg3+ 20. Kxg3 Nf4 21. Qd2
Bh6 22. Be3 Qg5+ 23. Kh2 Qh5 24. Nc7 Bd7 25. Qd1 Qh4 26. Qe1 Qh5 27. Bxf4 exf4
28. Nxa8 f3 29. Rxf3 Rxf3 30. Bxf3 Qxh3+ 31. Kg1 Qxf3 32. Qf1 Be3+ 33. Kh2 Qh5+
34. Kg3 Qg4+ 35. Kh2 Qh4+ 0-1

[Event "I Torneo Cecchina A"]
[Site "Roma ITA"]
[Date "1997.??.??"]
[Round "2"]
[White "Arabito, Giuseppe"]
[Black "Ridolfi, Raffaele"]
[Result "0-1"]
[WhiteElo "1558"]
[BlackElo "1633"]
[PlyCount "118"]
[EventDate "1997.??.??"]

1. e4 c6 2. d4 d5 3. exd5 cxd5 4. Bf4 Nf6 5. Bd3 Bg4 6. Nf3 e6 7. Nbd2 Be7 8.
O-O O-O 9. c3 Bh5 10. Qb3 Qb6 11. Ne5 Qxb3 12. axb3 Nbd7 13. Ndf3 Nxe5 14. Nxe5
a6 15. f3 Bg6 16. Nxg6 hxg6 17. g4 Rfd8 18. Kf2 Ne8 19. Rfe1 Bf6 20. g5 Be7 21.
h4 Nd6 22. Bxd6 Rxd6 23. f4 Rb6 24. Bc2 Rc8 25. Rh1 Bd6 26. Kf3 Bb4 27. Rac1
Rbc6 28. Rh2 Ba5 29. Bb1 b5 30. h5 gxh5 31. Rxh5 g6 32. Rhh1 b4 33. c4 dxc4 34.
bxc4 Rxc4 35. Rxc4 Rxc4 36. Ke4 Bb6 37. Rd1 a5 38. Rd2 a4 39. Ba2 b3 40. Bb1
Kf8 41. Ke3 Ke7 42. Be4 Kd6 43. Rd1 Kc7 44. Bb1 Kb8 45. Ke4 Kb7 46. Ke3 Kc6 47.
Be4+ Kd6 48. Bb1 Ba7 49. Be4 Kc7 50. Rd2 Kb6 51. Kf3 Ka5 52. d5 Rd4 53. dxe6
fxe6 54. Ke3 Rxd2+ 55. Kxd2 Bd4 56. Bxg6 Bxb2 57. Bf7 a3 58. g6 a2 59. Bxe6
a1=Q 0-1

[Event "I Torneo Cecchina A"]
[Site "Roma ITA"]
[Date "1997.??.??"]
[Round "2"]
[White "Attanasi, Salvatore"]
[Black "Gatto, Mario"]
[Result "1-0"]
[WhiteElo "1672"]
[BlackElo "1543"]
[PlyCount "101"]
[EventDate "1997.??.??"]

1. e4 c5 2. d4 cxd4 3. c3 e5 4. Nf3 Nc6 5. cxd4 exd4 6. Nxd4 Qb6 7. Nxc6 dxc6
8. Bc4 Bb4+ 9. Nc3 Bxc3+ 10. bxc3 Qc5 11. Qb3 Qe7 12. O-O Nf6 13. Bg5 Be6 14.
e5 h6 15. exf6 gxf6 16. Bf4 O-O-O 17. Rfe1 Bxc4 18. Qxc4 Qd7 19. h3 h5 20. Qb3
Rhg8 21. Re3 Rg6 22. Rae1 Rdg8 23. Rg3 h4 24. Rxg6 Rxg6 25. c4 Qd4 26. Qe3 Qd7
27. Qe8+ Qxe8 28. Rxe8+ Kd7 29. Rb8 b6 30. Rb7+ Ke6 31. Rxa7 Rg8 32. Ra6 Kf5
33. Be3 b5 34. Rxc6 bxc4 35. Rxc4 Ra8 36. a4 Ke5 37. Rxh4 f5 38. Kf1 Ra6 39.
Ke2 Rg6 40. Kf3 Ra6 41. Rd4 Rc6 42. h4 Rc3 43. h5 f6 44. Rh4 Ke6 45. h6 Rc8 46.
h7 Rh8 47. a5 Kf7 48. a6 Kg6 49. a7 Kg7 50. Kf4 Kg6 51. a8=Q 1-0

[Event "I Torneo Cecchina A"]
[Site "Roma ITA"]
[Date "1997.??.??"]
[Round "2"]
[White "Campagna, Maurizio"]
[Black "Vannelli, Vittorio"]
[Result "1-0"]
[WhiteElo "1573"]
[BlackElo "1636"]
[PlyCount "113"]
[EventDate "1997.??.??"]

1. d4 d6 2. c4 Nf6 3. Nc3 e5 4. dxe5 dxe5 5. Qxd8+ Kxd8 6. Bg5 c6 7. O-O-O+ Kc7
8. Ne4 Nfd7 9. Bh4 f6 10. e3 Na6 11. Ne2 Nac5 12. N2c3 a5 13. f4 exf4 14. exf4
Be7 15. Be2 Nxe4 16. Nxe4 Nc5 17. Nf2 Be6 18. g4 Rhd8 19. f5 Bf7 20. Bg3+ Kb6
21. Bf4 Re8 22. Rhe1 Bf8 23. Bf1 Rxe1 24. Rxe1 Rd8 25. Be3 Kc7 26. Bf4+ Kc8 27.
Rd1 Re8 28. b3 a4 29. Kc2 Ne4 30. Nd3 a3 31. h4 Nc5 32. Nxc5 Bxc5 33. Bd3 Bf2
34. Bd6 Bxh4 35. Bxa3 Bf2 36. Bb4 Bg3 37. Rg1 Bf2 38. Rg2 Bd4 39. Bd2 h6 40. a4
Kc7 41. Re2 Rxe2 42. Bxe2 Kd6 43. Kd3 Bb2 44. b4 Ke5 45. Be3 Ba3 46. Bc5 h5 47.
gxh5 Kxf5 48. Bf8 g5 49. h6 Bg8 50. Ke3 Kg6 51. Bd3+ f5 52. Kd4 g4 53. Ke5 Bb2+
54. Kf4 Be6 55. b5 Bc1+ 56. Ke5 Bb2+ 57. Kxe6 1-0

[Event "I Torneo Cecchina A"]
[Site "Roma ITA"]
[Date "1997.??.??"]
[Round "2"]
[White "Chiaretti, Roberto"]
[Black "Pasqualucci, Colombo"]
[Result "1-0"]
[WhiteElo "2150"]
[BlackElo "1794"]
[PlyCount "133"]
[EventDate "1997.??.??"]

1. e4 c5 2. Nc3 Nc6 3. g3 d6 4. Bg2 Nf6 5. Nge2 e6 6. d4 cxd4 7. Nxd4 Nxd4 8.
Qxd4 Be7 9. O-O O-O 10. b3 Bd7 11. Bb2 Bc6 12. Rad1 Qc7 13. Rfe1 Rfd8 14. Qe3
Ne8 15. Ne2 Bf6 16. Bxf6 Nxf6 17. c4 Qa5 18. Qc3 Qh5 19. Nf4 Qe5 20. Qxe5 dxe5
21. Nd3 Nd7 22. f3 f6 23. Kf2 Nf8 24. Nb4 Be8 25. Bf1 Kf7 26. Ke3 Ke7 27. c5
Rxd1 28. Rxd1 Rd8 29. Rxd8 Kxd8 30. Bc4 Bd7 31. Nd3 Ng6 32. b4 a6 33. c6 Bxc6
34. Nc5 Nf8 35. Bxe6 Kc7 36. Bh3 Kb6 37. Bf1 Kc7 38. Kd2 Kd6 39. Kc3 Ne6 40.
Nxe6 Kxe6 41. b5 axb5 42. Kb4 Be8 43. Bxb5 Bxb5 44. Kxb5 Kd7 45. Kb6 Kc8 46. f4
f5 47. Kc5 fxe4 48. Kc4 e3 49. Kd3 e2 50. Kxe2 exf4 51. gxf4 Kd7 52. Ke3 Ke7
53. Ke4 Ke6 54. f5+ Kd6 55. Kd4 Kd7 56. Kd5 g5 57. f6 h5 58. Ke5 g4 59. Kf5 Ke8
60. Kg5 Kf7 61. Kxh5 Kxf6 62. Kxg4 b5 63. Kf4 b4 64. Ke4 Kg5 65. Kd4 Kh4 66.
Kc4 Kh3 67. Kxb4 1-0

[Event "I Torneo Cecchina A"]
[Site "Roma ITA"]
[Date "1997.??.??"]
[Round "2"]
[White "Colantonio, Marco"]
[Black "Dentale, Enrico"]
[Result "0-1"]
[WhiteElo "1543"]
[BlackElo "1600"]
[PlyCount "100"]
[EventDate "1997.??.??"]

1. e4 e5 2. f4 d6 3. Nf3 Bg4 4. Bc4 Nf6 5. fxe5 dxe5 6. Bxf7+ Kxf7 7. Nxe5+ Kg8
8. Nxg4 Nxe4 9. O-O Bc5+ 10. Ne3 Nc6 11. c3 Bxe3+ 12. dxe3 Qxd1 13. Rxd1 Nf6
14. b3 Re8 15. Na3 a6 16. Nc2 Kf7 17. Bb2 Re7 18. c4 Rhe8 19. Rf1 Ne5 20. Bd4
Kg8 21. Rad1 b6 22. c5 b5 23. Rf5 Nfg4 24. h3 Nh6 25. Rg5 Nhf7 26. Rg3 h5 27.
h4 Ng4 28. Rf1 a5 29. c6 Re6 30. Rgf3 Nfe5 31. Na3 Nxf3+ 32. gxf3 Nxe3 33. Bxe3
Rxe3 34. Nxb5 R8e6 35. Nxc7 Rxc6 36. Nd5 Re2 37. a3 Kf7 38. Nf4 Rb2 39. b4 axb4
40. axb4 Rxb4 41. Nd3 Rb5 42. f4 Rc2 43. f5 Rc4 44. Kg2 Rxh4 45. Kg3 Rg4+ 46.
Kh3 Rb3 47. Rf3 Kf6 48. Ne5 Rxf3+ 49. Nxf3 Kxf5 50. Nh4+ Kf4 0-1

[Event "I Torneo Cecchina A"]
[Site "Roma ITA"]
[Date "1997.??.??"]
[Round "2"]
[White "De Blasio, Alessandro"]
[Black "Solaroli, Riccardo"]
[Result "0-1"]
[WhiteElo "1570"]
[BlackElo "1663"]
[PlyCount "82"]
[EventDate "1997.??.??"]

1. e4 Nf6 2. e5 Nd5 3. d4 d6 4. Nf3 g6 5. Bc4 Nb6 6. Bb3 Bg7 7. Ng5 d5 8. f4
Nc6 9. O-O h6 10. Nf3 Bg4 11. c3 e6 12. h3 Bf5 13. Be3 a5 14. a4 Ne7 15. Na3
Be4 16. Nd2 Nf5 17. Re1 Bd3 18. Bc2 Bxc2 19. Qxc2 Qh4 20. Nf3 Qg3 21. Qf2 c6
22. Qxg3 Nxg3 23. Bf2 Ne4 24. Re2 Nxa4 25. Nc4 dxc4 26. Rxa4 b5 27. Ra1 Nxf2
28. Kxf2 O-O 29. Nd2 Rfd8 30. Ne4 Bf8 31. Ree1 a4 32. g4 Be7 33. Rg1 Rac8 34.
f5 c5 35. f6 Bf8 36. dxc5 Bxc5+ 37. Nxc5 Rxc5 38. Rad1 Rcd5 39. Ke2 Rxe5+ 40.
Kf2 Red5 41. Ke2 Rxd1 0-1

[Event "I Torneo Cecchina A"]
[Site "Roma ITA"]
[Date "1997.??.??"]
[Round "2"]
[White "De Blasio, Massimo"]
[Black "Minerva, Enzo"]
[Result "1/2-1/2"]
[WhiteElo "2250"]
[BlackElo "1809"]
[PlyCount "58"]
[EventDate "1997.??.??"]

1. e4 e5 2. Nf3 f5 3. Nxe5 Qf6 4. Nc4 fxe4 5. Nc3 Qf7 6. Ne3 Nf6 7. Bc4 Qg6 8.
d3 c6 9. dxe4 Bc5 10. O-O d6 11. Qe2 Nbd7 12. Be6 Ne5 13. Bf5 Qf7 14. Bxc8 Rxc8
15. Nf5 O-O 16. Be3 Bb4 17. Bd4 Bxc3 18. Bxc3 Nxe4 19. Nxd6 Nxd6 20. Qxe5 Nb5
21. Bd2 Rce8 22. Qc5 Qf6 23. a4 Nd4 24. Qc4+ Kh8 25. Be3 Re4 26. Bxd4 Rxd4 27.
Qe2 Qf4 28. g3 Rd2 29. Qe7 Qf5 1/2-1/2

[Event "I Torneo Cecchina A"]
[Site "Roma ITA"]
[Date "1997.??.??"]
[Round "2"]
[White "Esuperanzi, Gianbattista"]
[Black "Iacoacci, Giancarlo"]
[Result "1-0"]
[WhiteElo "1600"]
[BlackElo "1600"]
[PlyCount "122"]
[EventDate "1997.??.??"]

1. e4 c5 2. Nf3 d6 3. d4 cxd4 4. Nxd4 Nf6 5. Nc3 e6 6. g4 h6 7. h4 Be7 8. Rg1
e5 9. Nf5 Bxf5 10. gxf5 Rh7 11. Be3 a6 12. Bc4 Nc6 13. Nd5 b5 14. Nxf6+ Bxf6
15. Bd5 Qc7 16. Qh5 Rd8 17. Bb6 Qe7 18. Bxc6+ Kf8 19. Bxd8 Qxd8 20. Bd5 Qe7 21.
Rh1 Qa7 22. Qe2 g6 23. fxg6 fxg6 24. Qg4 Rg7 25. Qc8+ Ke7 26. Qb7+ Qxb7 27.
Bxb7 g5 28. hxg5 Bxg5 29. Ke2 a5 30. Bc6 b4 31. Rad1 Rg8 32. Rd5 Rc8 33. Ba4
Rc5 34. Rxc5 dxc5 35. Rd1 h5 36. Rd5 h4 37. Bd7 Bf4 38. Bh3 Kf6 39. Rxc5 Bc1
40. b3 Bb2 41. Rxa5 Bc3 42. Ra6+ Kg5 43. Kf3 Bb2 44. Ra8 Bc3 45. Rg8+ Kf6 46.
Kg4 Ke7 47. Rg6 Bd4 48. Kxh4 Bxf2+ 49. Kg4 Bd4 50. Rc6 Kd7 51. Rc4 Bc3 52. Kf3+
Kd6 53. Ke2 Ke7 54. Rxc3 bxc3 55. Kd3 Kd6 56. Kxc3 Kc5 57. a4 Kb6 58. Kb4 Ka6
59. a5 Ka7 60. Kb5 Kb7 61. Be6 Ka7 1-0

[Event "I Torneo Cecchina A"]
[Site "Roma ITA"]
[Date "1997.??.??"]
[Round "2"]
[White "Farina, Saverio"]
[Black "Rossi De Gasperis, Pietro"]
[Result "1-0"]
[WhiteElo "2195"]
[BlackElo "1800"]
[PlyCount "79"]
[EventDate "1997.??.??"]

1. d4 e6 2. c4 Nf6 3. a3 d5 4. Nc3 Nbd7 5. Nf3 h6 6. Qc2 c6 7. e3 Bd6 8. Be2 e5
9. O-O e4 10. Nd2 h5 11. f3 exf3 12. Nxf3 Ng4 13. cxd5 Ndf6 14. e4 Bxh2+ 15.
Nxh2 Nxh2 16. Kxh2 Ng4+ 17. Kg1 Qh4 18. Bf4 g5 19. Qd2 f6 20. Qe1 Qxe1 21.
Raxe1 gxf4 22. Bxg4 Bxg4 23. Rxf4 Kf7 24. dxc6 bxc6 25. e5 f5 26. Ne4 Rab8 27.
b4 Rbd8 28. Nf6 Ke6 29. Rc1 Rc8 30. Kf2 Rhd8 31. Ke3 a6 32. Rf2 Rc7 33. g3 Rdc8
34. Rh2 Kf7 35. Nxg4 hxg4 36. Rh6 Ke7 37. Kf4 Rd7 38. Rh7+ Ke6 39. Rxd7 Kxd7
40. Kxf5 1-0

[Event "I Torneo Cecchina A"]
[Site "Roma ITA"]
[Date "1997.??.??"]
[Round "2"]
[White "Franchi, Jose' Maria"]
[Black "Bongiovanni, Marco"]
[Result "1/2-1/2"]
[WhiteElo "1915"]
[BlackElo "1624"]
[PlyCount "75"]
[EventDate "1997.??.??"]

1. e4 e6 2. d4 d5 3. Nd2 Nf6 4. e5 Nfd7 5. Bd3 c5 6. c3 Nc6 7. Ne2 cxd4 8. cxd4
Qb6 9. Nf3 f6 10. exf6 Nxf6 11. O-O Bd6 12. a3 O-O 13. Qc2 e5 14. dxe5 Nxe5 15.
Nxe5 Bxe5 16. Ng3 Ng4 17. Bxh7+ Kh8 18. Be3 Nxe3 19. fxe3 Qxe3+ 20. Kh1 Bd7 21.
Bf5 Bxg3 22. Bxd7 Qh6 23. Bh3 Be5 24. Qb3 d4 25. Qxb7 Rab8 26. Qe4 Bf6 27. Rf3
Rfe8 28. Qc2 Re3 29. Rf5 d3 30. Qd1 Rbe8 31. Rf1 d2 32. Bg4 Re1 33. Qa4 Qe3 34.
Rd1 Rxf1+ 35. Rxf1 Qe1 36. Kg1 Qe3+ 37. Kh1 Qe1 38. Kg1 1/2-1/2

[Event "I Torneo Cecchina A"]
[Site "Roma ITA"]
[Date "1997.??.??"]
[Round "2"]
[White "Gardon, Ermanno"]
[Black "Orazi, Carlo"]
[Result "1-0"]
[WhiteElo "1722"]
[BlackElo "1600"]
[PlyCount "47"]
[EventDate "1997.??.??"]

1. e4 c6 2. d4 d5 3. e5 Bf5 4. Nf3 e6 5. a3 Nd7 6. Nbd2 c5 7. dxc5 Bxc5 8. Nb3
Qb6 9. Nxc5 Qxc5 10. c3 Ne7 11. Bf4 O-O 12. Be2 Bg4 13. Bd3 Qc7 14. Bxh7+ Kh8
15. Bc2 Nc6 16. h3 Bh5 17. g4 Bg6 18. Bxg6 fxg6 19. Bg3 Qd8 20. Qd3 Qe8 21.
O-O-O Nc5 22. Qe3 Ne4 23. Ng5 Nxg3 24. Qxg3 1-0

[Event "I Torneo Cecchina A"]
[Site "Roma ITA"]
[Date "1997.??.??"]
[Round "2"]
[White "Iatrino, Vincenzo"]
[Black "Quimi, Marco"]
[Result "0-1"]
[WhiteElo "1767"]
[BlackElo "2240"]
[PlyCount "44"]
[EventDate "1997.??.??"]

1. e4 c5 2. Nf3 d6 3. d4 cxd4 4. Nxd4 Nf6 5. Nc3 g6 6. f3 Bg7 7. Be3 O-O 8. Bc4
Nc6 9. Qd2 Bd7 10. O-O-O Qa5 11. h4 Rfc8 12. Bb3 Ne5 13. h5 Nxh5 14. g4 Nf6 15.
Bh6 Bh8 16. Bg5 Rxc3 17. bxc3 Rc8 18. Qh2 Nexg4 19. Qh4 Qxc3 20. Rd3 Qxd3 21.
Rd1 Qc3 22. Ne2 Qxf3 0-1

[Event "I Torneo Cecchina A"]
[Site "Roma ITA"]
[Date "1997.??.??"]
[Round "2"]
[White "Marotta, Michele"]
[Black "Marzano, Carlo"]
[Result "0-1"]
[WhiteElo "1600"]
[BlackElo "2160"]
[PlyCount "52"]
[EventDate "1997.??.??"]

1. e4 g6 2. d4 c6 3. Nc3 d5 4. Bd3 Bg7 5. Be3 dxe4 6. Bxe4 Nf6 7. Bf3 O-O 8.
Ne4 Nxe4 9. Bxe4 f5 10. Bf3 f4 11. Bd2 Qxd4 12. c3 Qb6 13. Qc1 e5 14. Be4 Nd7
15. Nf3 Nc5 16. Bc2 Qa6 17. b4 Nd3+ 18. Bxd3 Qxd3 19. Qb1 Qc4 20. Qb2 Qe4+ 21.
Kd1 Bg4 22. Qb3+ Kh8 23. c4 Qd4 24. Rc1 e4 25. h3 Bh5 26. g4 fxg3 0-1

[Event "I Torneo Cecchina A"]
[Site "Roma ITA"]
[Date "1997.??.??"]
[Round "2"]
[White "Mastroddi, Emiliano"]
[Black "Scacco, Mauro"]
[Result "0-1"]
[WhiteElo "1753"]
[BlackElo "2045"]
[PlyCount "34"]
[EventDate "1997.??.??"]

1. e4 e5 2. Nf3 Nc6 3. d4 exd4 4. Nxd4 Bc5 5. Be3 Qf6 6. c3 Nge7 7. Bc4 O-O 8.
O-O Ne5 9. Bb3 Qg6 10. Nf5 Nxf5 11. Bxc5 Nh4 12. g3 d6 13. f4 Bg4 14. Qc2 Nef3+
15. Kh1 dxc5 16. gxh4 Rad8 17. Rf2 Ne1 0-1

[Event "I Torneo Cecchina A"]
[Site "Roma ITA"]
[Date "1997.??.??"]
[Round "2"]
[White "Mastropietro, Marco"]
[Black "Luzi, Alessandro"]
[Result "1-0"]
[WhiteElo "1890"]
[BlackElo "1540"]
[PlyCount "85"]
[EventDate "1997.??.??"]

1. Nf3 Nf6 2. g3 g6 3. Bg2 Bg7 4. O-O d6 5. d3 O-O 6. e4 e5 7. Nbd2 Nc6 8. c3
Bg4 9. h3 Bxf3 10. Nxf3 Nd7 11. Be3 Kh8 12. Nh4 Ne7 13. Qd2 f5 14. exf5 Nxf5
15. Nxf5 Rxf5 16. Bxb7 Rb8 17. Be4 Rf8 18. Bxa7 Rc8 19. Be3 c5 20. Kg2 Nb6 21.
Bg5 Qd7 22. Kh2 d5 23. Bg2 Qb5 24. Kg1 Rf5 25. h4 Rcf8 26. Rad1 Qa5 27. Qc2 Qa6
28. Qb3 h6 29. Be7 c4 30. dxc4 dxc4 31. Qc2 Re8 32. Ba3 h5 33. Be4 Rf6 34. Bxg6
Rg8 35. Bxh5 Bh6 36. Qe4 Bg7 37. Be7 Rh6 38. Bf7 Rc8 39. Bg5 Rhc6 40. Qe2 Na4
41. Qh5+ Bh6 42. Bxh6 Rxh6 43. Qxe5+ 1-0

[Event "I Torneo Cecchina A"]
[Site "Roma ITA"]
[Date "1997.??.??"]
[Round "2"]
[White "Moroni, Marco"]
[Black "Papetti, Francesco"]
[Result "1/2-1/2"]
[WhiteElo "1806"]
[BlackElo "1780"]
[PlyCount "67"]
[EventDate "1997.??.??"]

1. e4 d6 2. d4 Nf6 3. Nc3 g6 4. Nf3 Bg7 5. Be2 O-O 6. O-O c5 7. Be3 cxd4 8.
Nxd4 Nc6 9. Nxc6 bxc6 10. Rb1 Be6 11. Bf3 Nd7 12. Be2 Qc7 13. f4 f5 14. exf5
Rxf5 15. Bg4 Rf6 16. Ne4 Bxg4 17. Qxg4 Rf5 18. Ng5 Bh6 19. Qh3 Bxg5 20. fxg5
Raf8 21. Rxf5 Rxf5 22. Rf1 Rxf1+ 23. Kxf1 Nf8 24. Qg4 d5 25. Kg1 Qa5 26. Qe2
Qb4 27. c3 Qe4 28. h3 a5 29. Qf2 Ne6 30. a3 a4 31. Kh1 Qf5 32. Qd2 Kf7 33. Kg1
Qb1+ 34. Kh2 1/2-1/2

[Event "I Torneo Cecchina A"]
[Site "Roma ITA"]
[Date "1997.??.??"]
[Round "2"]
[White "Palombi, Roberto"]
[Black "Vigile, Matteo"]
[Result "1-0"]
[WhiteElo "2055"]
[BlackElo "1771"]
[PlyCount "39"]
[EventDate "1997.??.??"]

1. d4 Nf6 2. Nf3 c5 3. e3 d5 4. c3 e6 5. Bd3 Nc6 6. Nbd2 Be7 7. O-O O-O 8. Ne5
Nxe5 9. dxe5 Nd7 10. f4 f6 11. Qh5 g6 12. Bxg6 hxg6 13. Qxg6+ Kh8 14. Rf3 fxe5
15. Rh3+ Bh4 16. Nf3 Qf6 17. Rxh4+ Qxh4 18. Nxh4 Nf6 19. Qh6+ Kg8 20. Ng6 1-0

[Event "I Torneo Cecchina A"]
[Site "Roma ITA"]
[Date "1997.??.??"]
[Round "2"]
[White "Passali, Giovanni"]
[Black "Vanzan, Alessandro"]
[Result "0-1"]
[WhiteElo "1633"]
[BlackElo "1528"]
[PlyCount "54"]
[EventDate "1997.??.??"]

1. d4 Nf6 2. c4 g6 3. Nc3 Bg7 4. e4 d6 5. f3 O-O 6. Be3 c6 7. Bd3 Nbd7 8. Nge2
e5 9. d5 Nc5 10. O-O Nxd3 11. Qxd3 cxd5 12. cxd5 b6 13. Rfc1 Ne8 14. a4 f5 15.
Ra3 f4 16. Bf2 g5 17. a5 bxa5 18. Qb5 g4 19. Rxa5 gxf3 20. gxf3 Bd7 21. Qa6
Qg5+ 22. Kh1 Qh5 23. Qd3 Rf6 24. Rca1 Rh6 25. Bg1 Bh3 26. Nc1 Rg6 27. Qe2 Qg5
0-1

[Event "I Torneo Cecchina A"]
[Site "Roma ITA"]
[Date "1997.??.??"]
[Round "2"]
[White "Rotondi, Paolo"]
[Black "Montecchi, Ugo"]
[Result "0-1"]
[WhiteElo "1660"]
[BlackElo "1833"]
[PlyCount "88"]
[EventDate "1997.??.??"]

1. c4 e5 2. Nc3 d6 3. g3 f5 4. d3 Nf6 5. Bg2 Be7 6. Nf3 O-O 7. O-O Qe8 8. Rb1
Qh5 9. Bg5 c6 10. b4 h6 11. Bxf6 Bxf6 12. Qc2 e4 13. dxe4 Bxc3 14. Qxc3 fxe4
15. Nd2 d5 16. cxd5 cxd5 17. f3 Nc6 18. fxe4 Be6 19. exd5 Bxd5 20. e4 Bxa2 21.
Rbe1 Qe5 22. Qxe5 Nxe5 23. Rxf8+ Kxf8 24. Rc1 Rd8 25. Nf3 Nd3 26. Rd1 Ke7 27.
Nh4 Be6 28. b5 Nc5 29. Ng6+ Ke8 30. Rc1 b6 31. Ra1 Rd7 32. Nf4 Bc4 33. Rb1 Rd4
34. e5 g5 35. Bc6+ Kf7 36. Ng2 Ke6 37. Ra1 Kxe5 38. Rxa7 Rd1+ 39. Kf2 Kd4 40.
Kf3 h5 41. Ne3 Rd3 42. Re7 Be6 43. Kf2 Rxe3 44. Bd5 Nd3+ 0-1

[Event "I Torneo Cecchina A"]
[Site "Roma ITA"]
[Date "1997.??.??"]
[Round "2"]
[White "Scagliarini, Bruno"]
[Black "Siraco, Maurizio"]
[Result "0-1"]
[WhiteElo "1974"]
[BlackElo "1911"]
[PlyCount "78"]
[EventDate "1997.??.??"]

1. c4 e5 2. g3 Nf6 3. Bg2 Be7 4. Nc3 O-O 5. Nf3 d6 6. O-O Nc6 7. d3 Bf5 8. h3
Bd7 9. e3 Qc8 10. Kh2 h6 11. a3 Be6 12. b4 e4 13. Nd4 exd3 14. Nxc6 bxc6 15.
Qxd3 Nd7 16. f4 Nb6 17. Rf2 Bxc4 18. Qc2 d5 19. e4 a5 20. bxa5 Rxa5 21. Bb2 Bc5
22. Rd2 Be3 23. Nxd5 Nxd5 24. Rxd5 cxd5 25. Qc3 d4 26. Qxa5 Qb7 27. Bc1 Ra8 28.
Qc5 Qb5 29. Qxc7 Bf2 30. f5 d3 31. Bf4 Bb6 32. Qe7 Ra7 33. Qh4 Qb2 34. Rd1 Rxa3
35. Bxh6 Ra2 36. Bd2 Ba5 37. Qg5 Bxd2 38. Qd8+ Kh7 39. e5 Bg5 0-1

[Event "I Torneo Cecchina A"]
[Site "Roma ITA"]
[Date "1997.??.??"]
[Round "2"]
[White "Simeoni, Matteo"]
[Black "Corvi, Marco"]
[Result "0-1"]
[WhiteElo "1830"]
[BlackElo "2260"]
[PlyCount "48"]
[EventDate "1997.??.??"]

1. e4 Nf6 2. Nc3 d5 3. e5 Ne4 4. Nxe4 dxe4 5. d3 exd3 6. Bxd3 Nc6 7. f4 g6 8.
c3 Bf5 9. Be2 Qxd1+ 10. Bxd1 f6 11. exf6 exf6 12. Be3 O-O-O 13. Nf3 Bd6 14. Kf2
Rhe8 15. Re1 Rxe3 16. Kxe3 Bc5+ 17. Ke2 Bd3+ 18. Kd2 Bf2 19. Rh1 Bf1+ 20. Kc2
Bxg2 21. Be2 Bxh1 22. Rxh1 f5 23. Rf1 Be3 24. Ng1 Rd2+ 0-1

[Event "I Torneo Cecchina A"]
[Site "Roma ITA"]
[Date "1997.??.??"]
[Round "2"]
[White "Spano' Cuomo, Gaetano"]
[Black "Medori, Marco"]
[Result "1-0"]
[WhiteElo "1641"]
[BlackElo "1600"]
[PlyCount "99"]
[EventDate "1997.??.??"]

1. d4 Nf6 2. c4 g6 3. Nc3 Bg7 4. e4 d6 5. Nf3 O-O 6. Be2 e5 7. d5 Nbd7 8. h3
Nc5 9. Qc2 a5 10. Be3 b6 11. O-O Nh5 12. Nd2 Nf4 13. Bxf4 exf4 14. Bg4 Bxg4 15.
hxg4 Qg5 16. Qd1 Bxc3 17. bxc3 Rae8 18. f3 f5 19. gxf5 gxf5 20. Qc2 Re7 21.
Rae1 Rfe8 22. Nb3 Nxb3 23. axb3 h5 24. Re2 Kg7 25. Rfe1 h4 26. exf5 Rxe2 27.
Rxe2 Rxe2 28. Qxe2 h3 29. f6+ Kxf6 30. Qe6+ Kg7 31. Qxh3 Qe5 32. Qg4+ Kf6 33.
Kh2 Qxc3 34. Qxf4+ Ke7 35. Qe4+ Kf8 36. Qf5+ Ke7 37. Qc8 Qe5+ 38. Kh3 Qh5+ 39.
Kg3 Qe5+ 40. f4 Qe3+ 41. Kg4 Qe2+ 42. Kh4 Qf2+ 43. g3 Qc5 44. Kg5 a4 45. Qe6+
Kd8 46. bxa4 Qxc4 47. Kf6 Qd4+ 48. Kf7 Qxa4 49. f5 b5 50. Qe8# 1-0

[Event "I Torneo Cecchina A"]
[Site "Roma ITA"]
[Date "1997.??.??"]
[Round "2"]
[White "Spaziani, Gianni"]
[Black "Abuhamdieh, Arafat"]
[Result "1-0"]
[WhiteElo "1761"]
[BlackElo "1294"]
[PlyCount "80"]
[EventDate "1997.??.??"]

1. d4 d5 2. c4 e6 3. Nc3 Nf6 4. Bg5 Be7 5. Nf3 c6 6. cxd5 cxd5 7. e3 O-O 8. Bf4
Nc6 9. a3 Nh5 10. Bg3 Nxg3 11. hxg3 g6 12. Bd3 Bf6 13. Qd2 Na5 14. Qc2 a6 15.
b4 Nc4 16. Bxc4 dxc4 17. Ne4 b5 18. Nxf6+ Qxf6 19. Ne5 Qe7 20. Ng4 Bb7 21. Rh2
f6 22. Ke2 Qg7 23. Nh6+ Kh8 24. f3 f5 25. Rah1 Qc7 26. g4 Qg3 27. gxf5 exf5 28.
Qc3 Qd6 29. Nxf5 Bxf3+ 30. gxf3 gxf5 31. Rxh7+ Kg8 32. d5 Qf6 33. Qxf6 Rxf6 34.
Rh8+ Kf7 35. Rxa8 Rd6 36. e4 fxe4 37. fxe4 Rg6 38. Rh7+ Kf6 39. Rxa6+ Kg5 40.
Rxg6+ Kxg6 1-0

[Event "I Torneo Cecchina A"]
[Site "Roma ITA"]
[Date "1997.??.??"]
[Round "2"]
[White "Tosoni, Augusto"]
[Black "Barro, Carlo"]
[Result "1-0"]
[WhiteElo "2116"]
[BlackElo "1747"]
[PlyCount "54"]
[EventDate "1997.??.??"]

1. e4 d6 2. d4 Nf6 3. Nc3 g6 4. f4 Bg7 5. Nf3 O-O 6. Bd3 Na6 7. O-O Nb4 8. Be2
c5 9. d5 Bg4 10. a3 Na6 11. Qe1 Bxf3 12. Rxf3 Nd7 13. f5 Nc7 14. Rh3 Bf6 15. g4
e6 16. Qg3 exd5 17. g5 Bd4+ 18. Kh1 Re8 19. Qh4 Nf8 20. fxg6 fxg6 21. Nxd5 Nxd5
22. Bc4 Qe7 23. Bxd5+ Kh8 24. Bd2 Nd7 25. Qh6 Rf8 26. Qxg6 Ne5 27. Qh5 Ng6 1-0

[Event "I Torneo Cecchina A"]
[Site "Roma ITA"]
[Date "1997.??.??"]
[Round "2"]
[White "Vignato, Giovanni"]
[Black "Capone, Gioacchino"]
[Result "1/2-1/2"]
[WhiteElo "2150"]
[BlackElo "1699"]
[PlyCount "101"]
[EventDate "1997.??.??"]

1. e4 e5 2. Nf3 Nc6 3. Bb5 a6 4. Ba4 Nf6 5. O-O Nxe4 6. d4 b5 7. Bb3 d5 8. dxe5
Be6 9. c3 Bc5 10. Nbd2 O-O 11. Bc2 f5 12. exf6 Nxf6 13. Nb3 Bb6 14. Bg5 h6 15.
Bh4 Bg4 16. Qd3 Bxf3 17. Qxf3 g5 18. Bg3 Ne4 19. Qd3 Ne7 20. Nd2 Nf6 21. Be5
Qe8 22. Rae1 Rd8 23. Nf3 Ne4 24. Rxe4 dxe4 25. Qxe4 Qf7 26. Bb3 Nd5 27. Bxc7
Qxc7 28. Bxd5+ Kg7 29. h4 Rde8 30. Qd3 g4 31. Nd4 Qe5 32. Bb3 Bxd4 33. cxd4 Qe4
34. Qxe4 Rxe4 35. d5 Rd4 36. Rd1 Rxd1+ 37. Bxd1 h5 38. f3 Rc8 39. Kf2 Rc1 40.
Bb3 Rb1 41. fxg4 Rxb2+ 42. Kg3 hxg4 43. Kxg4 Rxg2+ 44. Kf5 Rh2 45. d6 Rxh4 46.
d7 Rd4 47. Ke6 Kf8 48. Bd5 Rxd5 49. Kxd5 Ke7 50. Kc6 Kd8 51. Kd6 1/2-1/2

[Event "I Torneo Cecchina A"]
[Site "Roma ITA"]
[Date "1997.??.??"]
[Round "3"]
[White "Abuhamdieh, Arafat"]
[Black "Arabito, Giuseppe"]
[Result "0-1"]
[WhiteElo "1294"]
[BlackElo "1558"]
[PlyCount "96"]
[EventDate "1997.??.??"]

1. e4 e5 2. Nf3 Nc6 3. Bb5 a6 4. Ba4 Nf6 5. O-O d6 6. Re1 Be7 7. c3 b5 8. Bb3
O-O 9. d4 Bg4 10. d5 Nb8 11. a4 Nbd7 12. Bc2 Nb6 13. a5 Nbd7 14. b4 h6 15. h3
Bxf3 16. Qxf3 Nh7 17. Qe2 Bg5 18. Nd2 Bxd2 19. Bxd2 g5 20. Bd3 Nb8 21. c4 bxc4
22. Bxc4 f5 23. exf5 Rxf5 24. Qh5 Qf8 25. Qg6+ Kh8 26. Bd3 Rf7 27. f3 Nf6 28.
Bc4 Qg7 29. Qd3 Qh7 30. Qb3 Nbd7 31. g4 Nf8 32. Kg2 Ng6 33. Kf2 Ne4+ 34. Rxe4
Nh4 35. Re3 Raf8 36. Be2 e4 37. Qc3+ Kg8 38. Kg1 Nxf3+ 39. Bxf3 Rxf3 40. Qc4
Qf7 41. Rc3 Rxc3 42. Qxc3 Qf2+ 43. Kh1 Rf3 44. Rc1 Rxc3 45. Bxc3 Qf3+ 46. Kh2
Qf4+ 47. Kg2 Qxc1 48. Bd4 Qd2+ 0-1